000
00246nam a2200109Ia 4500
008
190216s9999||||xx |||||||||||||| ||und||
100
_a
Pillai N N
245
0
_a
Malayalam-Mehar Bahi
260
_b
Nbs Kottayam
650
_a
Malayalam
942
_c
BK
999
_c
26039
_d
26039